Bank Soundness and Macroeconomic Policy /

Banking sector problems have plagued over 130 of the IMF's member countries since 1980. Developing and industrial market economies alike have been affected, as have all the economies in transition. This volume, by Carl-Johan Lindgren, Gillian Garcia, and Matthew I. Saal, discusses the linkages...

詳細記述

書誌詳細
第一著者: Saal, Matthew
その他の著者: Garcia, G., Lindgren, Carl-Johan
フォーマット: 雑誌
言語:English
出版事項: Washington, D.C. : International Monetary Fund, 1996.
オンライン・アクセス:Full text available on IMF
LEADER 01492cas a2200217 a 4500
001 AALejournalIMF015679
008 230101c9999 xx r poo 0 0eng d
020 |z 9781557755995 
040 |a BD-DhAAL  |c BD-DhAAL 
100 1 |a Saal, Matthew. 
245 1 0 |a Bank Soundness and Macroeconomic Policy /  |c Matthew Saal, Carl-Johan Lindgren, G. Garcia. 
264 1 |a Washington, D.C. :  |b International Monetary Fund,  |c 1996. 
300 |a 1 online resource (235 pages) 
500 |a <strong>Off-Campus Access:</strong> No User ID or Password Required 
500 |a <strong>On-Campus Access:</strong> No User ID or Password Required 
506 |a Electronic access restricted to authorized BRAC University faculty, staff and students 
520 3 |a Banking sector problems have plagued over 130 of the IMF's member countries since 1980. Developing and industrial market economies alike have been affected, as have all the economies in transition. This volume, by Carl-Johan Lindgren, Gillian Garcia, and Matthew I. Saal, discusses the linkages between macroeconomic policy and bank soundness. It takes a global view of the causes and consequences of banking sector problems and discussses how the banking system can be strengthened, nationally and internationally. 
538 |a Mode of access: Internet 
700 1 |a Garcia, G. 
700 1 |a Lindgren, Carl-Johan. 
856 4 0 |z Full text available on IMF  |u http://elibrary.imf.org/view/books/071/00631-9781557755995-en/00631-9781557755995-en-book.xml  |z IMF e-Library